स्त्री की गंद/ (Record no. 200965)

MARC details
000 -LEADER
fixed length control field 00823nam a22002297a 4500
003 - CONTROL NUMBER IDENTIFIER
control field dpl
005 - DATE AND TIME OF LATEST TRANSACTION
control field 20240221125646.0
008 - FIXED-LENGTH DATA ELEMENTS--GENERAL INFORMATION
fixed length control field 240221b |||||||| |||| 00| 0 eng d
010 ## - LIBRARY OF CONGRESS CONTROL NUMBER
LC control number HIN-126931
020 ## - INTERNATIONAL STANDARD BOOK NUMBER
International Standard Book Number 9789382554394
Terms of availability 350.00
035 ## - SYSTEM CONTROL NUMBER
System control number HN-99278
037 ## - SOURCE OF ACQUISITION
Source of stock number/acquisition DBAD/PUB
040 ## - CATALOGING SOURCE
Transcribing agency 0
082 ## - DEWEY DECIMAL CLASSIFICATION NUMBER
Edition number प्रथम संस्करण 2022
Classification number 821
100 ## - MAIN ENTRY--PERSONAL NAME
Personal name सिंह सिकरवार आशा
9 (RLIN) 62329
245 ## - TITLE STATEMENT
Title स्त्री की गंद/
260 ## - PUBLICATION, DISTRIBUTION, ETC. (IMPRINT)
Place of publication, distribution, etc दिल्ली
Name of publisher, distributor, etc अथेद प्रकाशन
270 ## - ADDRESS
Address ई- 17 पंचशील गार्डन , नवीन शाहदरा
City दिल्ली-110032
300 ## - PHYSICAL DESCRIPTION
Extent 152;P
Dimensions 23CM
440 ## - SERIES STATEMENT/ADDED ENTRY--TITLE
Title स्त्री की गंध
9 (RLIN) 62330
942 ## - ADDED ENTRY ELEMENTS (KOHA)
Source of classification or shelving scheme Dewey Decimal Classification
Koha item type Hindi Books
Classification part 821
Call number suffix सिकर

No items available.


© Delhi Public Library
Hit Counter
free hit counter